| 000 | 00389nam a2200157Ia 4500 | ||
|---|---|---|---|
| 008 | 230917s9999||||xx |||||||||||||| ||und|| | ||
| 040 |
_e168769 _aMAIN |
||
| 041 | _aEnglish | ||
| 082 | _a005.1 H874S(4) | ||
| 100 | _aHughes, Bob | ||
| 245 | 0 | _aSoftware project management | |
| 250 | _a4th ed. | ||
| 260 |
_aNew Delhi _bTata McGraw-Hill _c2006 |
||
| 300 | _axviii, 357 p. | ||
| 942 | _cBK | ||
| 999 |
_c157185 _d157185 |
||